000 00322nam a22001457a 4500
003 SGT
020 _a9789380316772
082 _a611.018
_bSIN
100 _aSINGH D.R
245 _aESSENTIALS OF HUMAN HISTOLOGY
260 _aDELHI
_bAHUJA PUB
_c2020
300 _a445
650 _aHUMAN HISTOLOGY
942 _2ddc
_cBK
999 _c32812
_d32812